| 000 | 00707nam a2200217 a 4500 | ||
|---|---|---|---|
| 005 | 20240920064105.0 | ||
| 008 | 030819s1997 mx r 000 0 spa d | ||
| 020 | _a9562013588 | ||
| 035 | _aUPN01000127978 | ||
| 049 | _aCG | ||
| 050 | 4 |
_aHQ755 _bH3.2 1997 |
|
| 100 | 1 |
_aHaeussler Pérez de Arce, Isabel Margarita _934714 |
|
| 245 | 1 | 0 |
_aAprendiendo a ser padres : _bguía para una educación positiva / _cIsabel Margarita Haeussler Pérez de Arce. |
| 250 | _a2a ed. | ||
| 260 |
_aSantiago de Chile, _bDolmen, _c1997. |
||
| 300 |
_a81 p. : _bil. |
||
| 650 | 4 |
_aPADRES E HIJOS - _vMANUALES _96965 |
|
| 650 | 4 |
_aVIDA FAMILIAR - _xEDUCACION _915116 |
|
| 650 | 4 |
_aEducación de niños _95387 |
|
| 905 | _aLibro | ||
| 999 |
_c100157 _d100157 |
||